000 00691nam a2200205 i 4500
001 40172
003 ES-MaACL
005 20230906160144.0
007 t|
008 030305s1979 sp ||||1| spa d
100 1 _aCarnahan, Brice.
_935356
245 1 0 _aCálculo numérico
_b: métodos, aplicaciones /
_cBrice Carnahan, H. A. Luther, James O. Wilkes ; versión Manuel Melis Maynar, Enrique de Miguel Anasagasti.
260 _aMadrid :
_bRueda,
_c[1979]
300 _a639 p. ;
_c28 cm.
700 1 _aLuther, H. A.
_974871
700 1 _aWilkes, James O.
_9116854
700 1 _aMelis Maynar, Manuel.
_979980
700 1 _aAnasagasti, Miguel.
_921373
852 _aES-MaACL
_jA-9912
_bR.99363
999 _c40172
_d40172